000
00327nam a2200109Ia 4500
008
200302s9999 xx 000 0 und d
100
_a
Steve Womersley (Ed.)
245
_a
The Master Architect Series V- Urban Design Group/Inc (Selected & Current Works)
260
_b
Images Publishing, Austraila
260
_c
2003
300
_a
256
999
_c
4524
_d
4524